Mergers,Acquisitions and Corporate Restructuring. (Record no. 349364)
[ view plain ]
| 000 -LEADER | |
|---|---|
| fixed length control field | 00475 a2200181 4500 |
| 003 - CONTROL NUMBER IDENTIFIER | |
| control field | NUST |
| 020 ## - INTERNATIONAL STANDARD BOOK NUMBER | |
| International Standard Book Number | 9780761935865 |
| 024 ## - OTHER STANDARD IDENTIFIER | |
| Standard number or code | 9780761935865 |
| 038 ## - RECORD CONTENT LICENSOR | |
| Staff Name | 0 |
| 082 ## - DEWEY DECIMAL CLASSIFICATION NUMBER | |
| Classification number | 658.1'3 |
| 100 ## - MAIN ENTRY--PERSONAL NAME | |
| Personal name | Chandrashekar Krishnamurti |
| 9 (RLIN) | 13578 |
| 245 ## - TITLE STATEMENT | |
| Title | Mergers,Acquisitions and Corporate Restructuring. |
| Statement of responsibility, etc. | Chandrashekar Krishnamurti |
| 250 ## - EDITION STATEMENT | |
| Edition statement | 1st. |
| 260 ## - PUBLICATION, DISTRIBUTION, ETC. | |
| Place of publication, distribution, etc. | New Delhi |
| Name of publisher, distributor, etc. | Response |
| Date of publication, distribution, etc. | 2008 |
| 300 ## - PHYSICAL DESCRIPTION | |
| Extent | 412p. |
| 500 ## - GENERAL NOTE | |
| General note | Paper Cover |
| 942 ## - ADDED ENTRY ELEMENTS (KOHA) | |
| Institution code [OBSOLETE] | NBS |
| Koha item type | Book |
| Call number prefix | 658.1'6 KRI |
| Source of classification or shelving scheme | |
| Withdrawn status | Lost status | Source of classification or shelving scheme | Damaged status | Not for loan | Permanent Location | Current Location | Date acquired | Total Checkouts | Total Renewals | Full call number | Barcode | Date last seen | Date last checked out | Price effective from | Koha item type |
|---|---|---|---|---|---|---|---|---|---|---|---|---|---|---|---|
| Central Library (CL) | Central Library (CL) | 08/28/2013 | 2 | 2 | 658.1'3 KRI | NBS9021-D | 03/17/2020 | 02/11/2020 | 08/28/2013 | Book |
